Представление документа в формате MARC21

Поле Инд. ПП Название Значение
Тип записи a
Библиографический уровень m
001 Контрольный номер 2ee69275-3435-4739-a5f2-e91716ca884d
005 Дата корректировки 20140703123924.1
008 Кодируемые данные 000124 d
020 c Цена, тираж 100.00
040 a Служба первич. каталог. НБ ТвГУ
041 a Код языка текста rus
080 a Индекс УДК 51
a Индекс УДК 514
084 a Индекс другой классификации/Индекс ББК В1я54(2)
a Индекс другой классификации/Индекс ББК В151
090 x Авторский знак С56
a Полочн. индекс В1я54
245 10 a Заглавие Современная математика и ее приложения
n Номер части/ раздела Т. 11
p Название части/ раздела Геометрия - 2
b Продолж. заглавия Темат. обзоры
c Ответственность РАН, М-во пром-сти, науки и технологии РФ; Науч. ред. Р. В. Гамкрелидзе
260 0_ a Место издания Москва
b Издательство ВИНИТИ
c Дата издания 2002
300 a Объем 211,[1] с.
440 a Серия Итоги науки и техники
a Серия Современная математика и ее приложения
490 _0 x ISSN серии 0233-6723
504 a Библиография Библиогр. в конце обзоров.
583 a Действие Получение впервые 3 15.01.2004
k Исполнитель действия Дар РГГУ
650 a Основная рубрика Математика
x Основная подрубрика Обзоры тематические
650 a Основная рубрика Геометрия
653 a Ключевые слова Математика
a Ключевые слова Геометрия
a Ключевые слова Обзоры
700 1_ a Другие авторы Гамкрелидзе Реваз Валерьянович
e Роль лиц ред. сер.
700 1_ a Другие авторы Остиану Н. М.
e Роль лиц авт., ред. тома
700 1_ a Другие авторы Евтушник Л. Е.
e Роль лиц авт.
700 1_ a Другие авторы Игнатенко В. Ф.
e Роль лиц авт.
700 1_ a Другие авторы Микеш Й.
e Роль лиц авт.
700 1_ a Другие авторы Позняк Э. Г.
e Роль лиц авт.
700 1_ a Другие авторы Попов А. Г.
e Роль лиц авт.
852 t Порядковый номер экземпляра 1
p Инвентарный номер 775807
863 t 10690000002583
888 a Бесплатные
930 a Новая/Ретро обзоры
952 p 3.2004 100.00 1 775807
c Вид литературы К рн
954 a Дата поступления на обработку 20040212
999 a Подразделение 2 Фил3